000 01412cam a2200229 a 4500
999 _c6188
_d6188
020 _a0787944602 (acidfree paper)
022 _a9780787944605
050 0 0 _aLC5805
_b.P18
100 1 _aPalloff, Rena M.,
245 1 0 _aBuilding learning communities in cyberspace :
_beffective strategies for the online classroom /
_cRena M. Palloff, Keith Pratt.
250 _a1st ed.
260 _aSan Francisco :
_bJossey-Bass Publishers,
_cc1999.
300 _axxiv, 206 p. :
_bill. ;
_c24 cm.
440 4 _aThe Jossey-Bass higher and adult education series
500 _aIncludes bibliographical references and index
505 _a1. When teaching and learning leave the classroom -- 2. Defining and redefining community -- 3. What we know about electronic learning -- 4. Time and group size -- 5. Managing the technology -- 6. Making the conversion from the classroom to cyberspace -- 7. Building foundations -- 8. Promoting collaborative learning -- 9. Transformative learning -- 10.Evaluation -- 11. Lessons learned and a look ahead -- Resource A: examples of course syllabi -- Resource B: glossary of terms used in computer-mediated distance education -- Resource C: Internet resources for distance education. Bibliography Index
650 0 _aDistance education
650 0 _aCollege teaching
_xData processing.
650 0 _aComputer-assisted instruction
700 1 _aPratt, Keith,
942 _cBK